Managing ship safety

Saved in:
Bibliographic Details
Main Author: Kuo, Chengi
Format: Book
Language:English
Published: London : LLP, c1998
Subjects:
Tags: Add Tag
No Tags, Be the first to tag this record!

MARC

LEADER 00000cam a2200000 i 4500
001 1/25142
008 981207s1998 eng d
020 |a 1-85978-841-6 
035 |l 10037262 
040 |a GR-MY-UA  |b gre  |e aacr 
041 0 |a eng 
082 0 |a 341.75665 
100 1 |a Kuo, Chengi. 
245 1 0 |a Managing ship safety /  |c Chengi Kuo 
260 |a London :   |b LLP,   |c c1998 
300 |a xiii, 189 p. 
500 |a Includes glossary 
504 |a Includes bibliography and index 
650 0 0 |a Shipping  |x Safety measures. 
650 0 0 |a Ships  |x Safety regulations. 
852 |a INST  |b CHIOS  |e 19981207  |h 341.75665 KUO  |p 005200015236  |q 005200015236  |t BK  |y 0 
852 |a INST  |b CHIOS  |e 20010319  |h 341.75665 KUO  |p 005200017350  |q 005200017350  |t BK  |y 0 
852 |a INST  |b CHIOS  |e 20000321  |h 341.75665 KUO  |p 005200018142  |q 005200018142  |t BK  |y 0 
852 |a INST  |b CHIOS  |e 20000321  |h 341.75665 KUO  |p 005200018149  |q 005200018149  |t BK  |y 0 
901 |a BIBL-1998-3 
901 |a BIBL2-2000-1 
901 |a BIBL2-2001-1 
909 |a Χ  |b 060814 
909 |a Χ  |b 075699 
909 |a Χ  |b 075706 
909 |a Χ  |b 083292 
922 |a 2ΕΛΗ  |b 199811  |c ΤΝΕΥ  |d ΠΑΠΑΣΩΤΗΡΙΟΥ